Salvador Novo y su teatro : estudio crítico /

Análisis crítico de la vida y obra de Salvador Novo. El autor del presente estudio aborda el teatro infantil, el teatro mayor, el teatro breve, con algunas de sus obras representativas. También menciona opiniones del mismo Novo sobre el teatro e influencias en la obra dramática del escritor mexicano...

Descripció completa

Guardat en:
Dades bibliogràfiques
Autor principal: Muncy, Michele (autor)
Format: Llibre
Idioma:espanyol
Matèries:
Etiquetes: Afegir etiqueta
Sense etiquetes, Sigues el primer a etiquetar aquest registre!

MARC

LEADER 00000nam^a2200000^a^4500
001 000141657
005 20250521000000.0
009 20260310095622.142
037 |a Acervo ITESO - Biblioteca 
041 |a ESP 
082 |a 860. 97206  |b MUN 
100 |a Muncy, Michele  |e (autor) 
245 1 0 |a Salvador Novo y su teatro :  |b estudio crítico /  |c M. Muncy. 
264 |a Madrid, España :  |b Atlas,  |c 1971 
300 |a 246 p. 
336 |a texto  |b txt  |2 rdacontenido 
337 |a sin mediación  |b n  |2 rdamedio 
338 |a volumen  |b nc  |2 rdasoporte 
520 |a Análisis crítico de la vida y obra de Salvador Novo. El autor del presente estudio aborda el teatro infantil, el teatro mayor, el teatro breve, con algunas de sus obras representativas. También menciona opiniones del mismo Novo sobre el teatro e influencias en la obra dramática del escritor mexicano. 
545 0 |a El escritor mexicano Salvador Novo (1904-1974), originario de la Ciudad de México, fundador junto con Xavier Villaurrutia de las revistas Ulises y Contemporáneos, fue un activo renovador de la literatura y la cultura mexicanas. Se le considera como uno de los escritores emblemáticos de los Contemporáneos. A la par que su carrera literaria, se desempeñó como docente; dentro de la administración pública, fue jefe del Departamento de Publicidad de la Secretaría de Relaciones Exteriores y jefe de publicaciones de las Secretarías de Economía Nacional y de Educación Pública. Su labor fue reconocida con el Premio Nacional de Literatura en 1967, con la denominación como miembro de la Academia Mexicana de la Lengua en 1952 y con el nombramiento, desde 1965 hasta su muerte, como cronista de la Ciudad de México, urbe a la que dedicó numerosas páginas. Es autor, entre otras, de la obra poética: XX poemas; Nuevo amor; Espejo; Seamen Rhymes; Décimas en el mar; Romance de Angelillo y Adela; Dieciocho sonetos. Cuenta, además, con ensayos, libros de viajes y memorias, entre los que destacan: Return Tiket; En defensa de lo usado; Nueva Grandeza mexicana; Este y otros viajes; Letras vencidas; La vida en México en el período presidencial de Lázaro Cárdenas; Las locas, el sexo y los burdeles; Ha vuelto Ulises; Historia gastronómica de la Ciudad de México; Breve historia de Coyoacán; Un año hace ciento, e Historia de la aviación en México. Hombre versátil y de gran inteligencia, dejó plasmada su creatividad en textos de prosa hábil y rápida, cargada de picardía, buen humor y, a veces, sátira, basados en hechos comunes a partir de los cuales construye una doctrina; su teatro, especialmente, expresa una fuerte crítica social, mientras que su poesía habla de temas cotidianos, como la migración hacia la capital, los inventos de principios del siglo XX, el amor y, sobre todo, la entrada de México a la modernidad. 
649 |a XX 
650 |a Escritores Mexicanos -  |x Biografías 
650 |a Escritores Mexicanos -  |x Bibliografías 
650 |a Teatro Mexicano -  |x Historia y Crítica 
650 |a Literatura Mexicana -  |x Historia y Crítica 
650 |a Literatura Mexicana -  |y Siglo XX 
650 |a Novo, Salvador -  |x Tema Principal 
910 |a Fondo Salvador Reynoso Reynoso 
920 |a Impresos - Libros 
930 |a Fondos Especiales 
940 |a Literatura 
905 |a 112 
901 |a 0800015330  |b IT2  |c ESP  |u 20250521 
902 |a https://opac.biblio.iteso.mx/vufind/Record/000141657